000
00284nam a2200121Ia 4500
005
20260328104249.0
008
260328s9999||||xx |||||||||||||| ||und||
100
_a
Yates, Simon
245
0
_a
Enciclopedia del Mueble /
_c
Simon Yates
300
_a
446 p.
650
_a
ARTE
942
_c
BK
999
_c
10189
_d
10189